Responses for Show #1678 - Wednesday, December 11, 1991

Contestants

[<< previous game]

Eric Goldner, an attorney originally from Queens, New York

Gail Bullion, a designer from Houston, Texas

Glenn Gillis, a film student from San Antonio, Texas (whose 1-day cash winnings total $5,999)

[next game >>]

Jeopardy! Round responses

ARCHAEOLOGY
COUNTRY MUSIC
OCCUPATIONS
PIRATES
GRIMM'S FAIRY TALES
COMMON BONDS
    $100 15
Stonehenge

Glenn
    $100 26
Barbara Mandrell

Glenn
    $100 2
stenographer

Glenn
    $100 1
black

Eric
    $100 9
(Alex: And a bit of background information here. I understand she didn't do it by kissing him, but by throwing him against a wall.)
(Gail: That's a relief.)
(Alex: Yes it is.)
[Audience laughter.]

a frog

Gail
    $100 21
Newtons

Eric
    $200 16
[NOTE: The word "dendrochronology" appeared on the display monitor on 2 lines, split by a hyphen.]

trees

Gail
    $200 27
Buck Owens

Glenn
    $200 3
dispatchers

Glenn
    $200 6
the Mediterranean

Glenn
    $200 10
the shoemaker

Gail
    $200 22
horns

Gail
    $300 17
(Glenn: What is bone?)

pottery

GlennGail
    $300 28
Tammy Wynette

Glenn
    $300 4
cinematographer

Glenn
    $300 7
Williamsburg

Glenn
    $300 11
a coffin

Glenn
    $300 23
Belas

Eric
    $400 18
Easter Island

Glenn
    $1,000 29
(Who is Conway Twitty?)

Mickey Gilley

Glenn
    $400 5
a notary

Eric
    $400 8
(Eric: Who is Blackbeard?)

Captain Kidd

GailEric
    $400 12
the stepmother

Glenn
    $400 24
fish

Glenn
    $500 19
Peru

Glenn
    $500 30
Kitty Wells

Triple Stumper
    $500 20
an actuary

Eric
    $500 14
(Alex: [*]. Now's the time for him.)

Blackbeard

Gail
    $500 13
Rapunzel

Glenn
    $500 25
(Gail: Who fly? What are [*]?)
(Alex: Who are [*], what are [*] things?)

flying

Gail

Scores at the first commercial break (after clue 15):

Glenn Gail Eric
$2,400 $1,200 $100

Scores at the end of the Jeopardy! Round:

Glenn Gail Eric
$3,000 $2,400 $1,000

Double Jeopardy! Round responses

THE PLANETS
GARDENING
LITERATURE
PEOPLE
PHILOSOPHY
DUBLIN
    $200 5
Neptune

Eric
    $200 16
an annual

Glenn
    $200 11
(Alex: The Grapes of Wrath.)

Tom Joad

Triple Stumper
    $200 6
Thurgood Marshall

Eric
    $200 21
pleasure

Eric
    $200 26
(Eric: [Calling for the clue] Dublin for $200.)
(Alex: Ah, the accent is coming out.)
...
(Alex: We have less than a minute to go in the round.)

St. Patrick

Glenn
    $400 4
Jupiter

Glenn
    $400 17
yellow

Glenn
    $400 12
Macbeth

Eric
    $400 7
(Gail: Who is Lady Di? I mean [*].)
(Alex: [*], right.)

Princess Di

Gail
    $400 22
(Eric: Who is St. Thomas? Aquinas?)

St. Augustine

Eric
Triple Stumper
    $400 27
a river

Gail
    $600 3
Mercury

Eric
    $600 18
nitrogen

Glenn
    $600 13
Tristan und Isolde

Eric
    $600 8
C. Everett Koop

Glenn
    $600 23
(René) Descartes

Eric
    $600 28
Guinness

Glenn
    $800 2
(Alex: Now's the time for [*], yes.)

Venus

Glenn
    $1,000 19
grafting

Glenn
    $800 14
(Eric: What is Two Years Before the Mast?)

Kidnapped

GailEric
    $800 9
Frank Rizzo

Glenn
    $800 24
aesthetics

Eric
    $800 29
its 1000th year anniversary

Gail
    $1,000 1
(Eric: What is Venus?)

Pluto

Eric
    $1000 20
(Eric: What are perennials?)
...
(They are called [*] or everlasting. Perennials as opposed to annuals, as you know.)

immortelles

Eric
Triple Stumper
    $1000 15
Father Brown

Gail
    $1000 10
(Glenn: Who is George Washington Carver?)

Luther Burbank

Glenn
Triple Stumper
    $1000 25
utilitarianism

Triple Stumper
    $1000 30
(Alex: What is the famous [*]? The [*] players

Abbey Theatre

Triple Stumper

Scores at the end of the Double Jeopardy! Round:

Glenn Gail Eric
$7,600 $5,800 $1,400

[wagering suggestions for these scores]

Final Jeopardy! Round responses

THE SOVIET UNION
(Alex: Or what's left of it.)
(Alex: [To Eric] No. Georgy Malenkov is incorrect.)
...
[Tape cuts off before the reveal of Glenn's response. Based on the following game, we know he responded correctly and wagered $4,001.]
EricWho was Malenkov?
$1,399
GailWho was Bolshoi?
$5,800
Glenn[Who is Kirov?]
$4,001
Sergei Kirov

Final scores:

Glenn Gail Eric
$11,601 $0 $1
2-day champion: $17,600 3rd place: Armitron Deauville watch collection + Nintendo Entertainment system 2nd place: Amisco Paris loveseat and armchair + Eureka floor care assortment

Game dynamics:

Coryat scores:

Glenn Gail Eric
$8,400 $5,800 $2,400
25 R
(including 1 DD),
3 W
(including 1 DD)
13 R,
0 W
13 R,
5 W
(including 1 DD)

Combined Coryat: $16,600

[game clues] [game scores] [suggest correction]

Game tape date: 1991-09-24
The J! Archive is created by fans, for fans. Scraping, republication, monetization, and malicious use prohibited; this site may use cookies and collect identifying information. See terms. The Jeopardy! game show and all elements thereof, including but not limited to copyright and trademark thereto, are the property of Jeopardy Productions, Inc. and are protected under law. This website is not affiliated with, sponsored by, or operated by Jeopardy Productions, Inc. Join the discussion at JBoard.tv.